| 000 | 00540nam a2200193Ia 4500 | ||
|---|---|---|---|
| 005 | 20250508164356.0 | ||
| 008 | 008 250505s9999 xx 000 0 hin d | ||
| 037 | _aTextual | ||
| 040 |
_aFEDL _beng _cFEDL |
||
| 041 |
_ahin _2hin |
||
| 084 |
_a891.43, VAJ _qFEDL |
||
| 100 |
_aVajpayee Nand Dulare _9392818 |
||
| 245 | 0 | _aHindi sahitya : Bisvi shatabdi | |
| 260 |
_aAllahabad, India _bLokbharti Prakashan _c2002 |
||
| 300 | _axxx,202p | ||
| 365 |
_aINR _b80 |
||
| 942 |
_cTEXL _h891.43, VAJ |
||
| 999 |
_c1388830 _d1388830 |
||